LEADER 00756nam0 22002771i 450 001 990001170500203316 005 20030904141243.0 035 $a000117050 035 $aUSA01000117050 035 $a(ALEPH)000117050USA01 035 $a000117050 100 $a20030904-1972----km-y0itab50------ba 200 1 $aBirds of America$fMary McCarthur 210 $aNew York$cNew American Library$d[1972?] 215 $a288 p.$d18 cm. 225 2 $aSignet$vQ5149 676 $a813 700 1$aMCCARTHY,$bMary$0198845 912 $a990001170500203316 951 $aAMA CAR$b1806 DSLL 959 $aBK 969 $aDSLL 979 $aPATRY$b90$c20030904$lUSA01$h1412 979 $aPATRY$b90$c20040406$lUSA01$h1724 996 $aBirds of America$996086 997 $aUNISA LEADER 01090nam--2200349---450- 001 990003656310203316 005 20120502112146.0 010 $a978-84-8333-408-9 035 $a000365631 035 $aUSA01000365631 035 $a(ALEPH)000365631USA01 035 $a000365631 100 $a20120502d2008----km-y0itay50------ba 101 $aspa 102 $aES 105 $ay|||||||001yy 200 1 $a<> organizaciones internacionales$ecodificación y desarrollo progresivo de su responsabilidad internacional$fJosé Manuel Cortés Martí 210 $aSevilla$cInstituto Andaluz de administraci$d2008 215 $a531 p.$d24 cm 225 2 $aEstudios 410 0$12001$aEstudios 606 0 $aOrganizzazione internazionale$2BNCF 676 $a341.12$v22 700 1$aCORTÉS,$bMartí$0612212 801 0$aIT$bsalbc$gISBD 912 $a990003656310203316 951 $aXXIII.2.A. 235$b73777 G.$cXXIII.2.A.$d00309916 959 $aBK 969 $aGIU 979 $aCHIARA$b90$c20120502$lUSA01$h1121 996 $aOrganizaciones internacionales$91139836 997 $aUNISA LEADER 01447nam0 22003371i 450 001 VAN00016591 005 20240806100305.340 010 $a06-320-3546-3 100 $a20040525d1993 |0itac50 ba 101 $aeng 102 $aGB 105 $a|||| ||||| 200 1 $aˆAn ‰introduction to behavioural ecology$fJohn R. Krebs, Nicholas B. Davies$gdrawings by Jan Parr 205 $a3. ed 210 $aOxford$cBlackwell$d1993 215 $aXII, 420 p., [2] c. di tav.$cill.$d24 cm 620 $aGB$dOxford$3VANL000020 700 1$aKrebs$bJohn R.$3VANV012415$075985 701 1$aDavies$bNicholas B.$3VANV012417$075984 712 $aBlackwell $3VANV108014$4650 790 1$aKrebs, J. R.$zKrebs, John R.$3VANV012416 790 1$aKrebs, J.R.$zKrebs, John R.$3VANV215954 790 1$aDavies, Nick$zDavies, Nicholas B.$3VANV012418 790 1$aDavies, N.B.$zDavies, Nicholas B.$3VANV215955 790 1$aDavies, N. B.$zDavies, Nicholas B.$3VANV215956 801 $aIT$bSOL$c20240906$gRICA 899 $aBIBLIOTECA DEL DIPARTIMENTO DI SCIENZE E TECNOLOGIE AMBIENTALI BIOLOGICHE E FARMACEUTICHE$1IT-CE0101$2VAN17 912 $aVAN00016591 950 $aBIBLIOTECA DEL DIPARTIMENTO DI SCIENZE E TECNOLOGIE AMBIENTALI BIOLOGICHE E FARMACEUTICHE$d17CONS Ed91 $e17FSA1828 20040525 996 $aIntroduction to behavioural ecology$91429657 997 $aUNICAMPANIA